Aptitude, personality and motivation tests : (Record no. 348713)
[ view plain ]
| 000 -LEADER | |
|---|---|
| fixed length control field | 01304 a2200205 4500 |
| 020 ## - INTERNATIONAL STANDARD BOOK NUMBER | |
| International Standard Book Number | 0749456515 (paperback) |
| 020 ## - INTERNATIONAL STANDARD BOOK NUMBER | |
| International Standard Book Number | 9780749456511 (paperback) |
| 082 ## - DEWEY DECIMAL CLASSIFICATION NUMBER | |
| Classification number | 153.9'4 |
| 090 ## - LOCALLY ASSIGNED LC-TYPE CALL NUMBER (OCLC); LOCAL CALL NUMBER (RLIN) | |
| -- | 6347 |
| -- | 6347 |
| 100 1# - MAIN ENTRY--PERSONAL NAME | |
| Personal name | Barrett, Jim. |
| 245 10 - TITLE STATEMENT | |
| Title | Aptitude, personality and motivation tests : |
| Remainder of title | analyse your talents and personality and plan your career / |
| Statement of responsibility, etc. | Jim Barrett. |
| 250 ## - EDITION STATEMENT | |
| Edition statement | Third Edition. |
| 260 ## - PUBLICATION, DISTRIBUTION, ETC. | |
| Place of publication, distribution, etc. | [S.l.] : |
| Name of publisher, distributor, etc. | Kogan Page, |
| Date of publication, distribution, etc. | 2009. |
| 300 ## - PHYSICAL DESCRIPTION | |
| Extent | 300 p. ; |
| Dimensions | 22 cm. |
| 490 1# - SERIES STATEMENT | |
| Series statement | Testing series. |
| 520 ## - SUMMARY, ETC. | |
| Summary, etc. | More and more companies are using tests to vet job applicants and assess staff.  To perform their best under test conditions, candidates need to practice their skills. Prospective test-takers, as well as people looking for guidance on career choices, will find useful advice in the new edition of Aptitude, Personality and Motivation Tests .  Filled with new and improved practice tests, it will help build a profile of the reader’s personality, skills, and abilities, helping readers prepare for the real tests, find their ideal career, plan a career change, or simply explore their poten |
| 830 ## - SERIES ADDED ENTRY--UNIFORM TITLE | |
| Uniform title | Testing se |
| 856 ## - ELECTRONIC LOCATION AND ACCESS | |
| Materials specified | Amazon.com |
| Uniform Resource Identifier | <a href="http://www.amazon.com/exec/obidos/ASIN/0749456515/chopaconli">http://www.amazon.com/exec/obidos/ASIN/0749456515/chopaconli</a> |
| 942 ## - ADDED ENTRY ELEMENTS (KOHA) | |
| Institution code [OBSOLETE] | NBS |
| Koha item type | Book |
| Call number prefix | 153.9'4 BAR |
| Withdrawn status | Lost status | Damaged status | Not for loan | Permanent Location | Current Location | Date acquired | Total Checkouts | Full call number | Barcode | Date last seen | Price effective from | Koha item type |
|---|---|---|---|---|---|---|---|---|---|---|---|---|
| Central Library (CL) | Central Library (CL) | 08/28/2013 | 153.9'4 BAR | NBSP-324 | 08/28/2013 | 08/28/2013 | Book |
